| 000 | 00476nam a2200157 i 4500 | ||
|---|---|---|---|
| 001 | 94267 | ||
| 003 | ES-MaACL | ||
| 005 | 20230906181435.0 | ||
| 007 | t| | ||
| 008 | 050427s1969 sp ||||1| spa d | ||
| 100 | 1 |
_aLópez Sanz, Salvador. _973972 |
|
| 245 | 1 | 0 |
_aElementos de Derecho _b: (especialmente Derecho Civil y Derecho mercantil) / _cSalvador López Sanz. |
| 260 |
_aValencia : _bBello, _c1969. |
||
| 300 |
_a548 p. ; _c21 cm. |
||
| 852 |
_aES-MaACL _jC-38746 _bR.71717 |
||
| 999 |
_c94267 _d94267 |
||